| 000 | 00397pab a2200145 454500 | ||
|---|---|---|---|
| 008 | 180718b2015 xxu||||| |||| 00| 0 eng d | ||
| 100 | _aBerdegue, Julio A. | ||
| 245 | _aRethinking cities in rural transformation: the role of territories | ||
| 260 | _c2015 | ||
| 300 | _ap.237-241. | ||
| 650 | _aRural development | ||
| 700 | _aProctor, Felicity J. | ||
| 773 | _aDevelopment | ||
| 909 | _a114720 | ||
| 999 |
_c114714 _d114714 |
||